[Event "FIDE World Uni Blitz-A 1st"]
[Site "Tornelo INT"]
[Date "2021.03.13"]
[Round "3.8"]
[White "Shuvalova, Polina"]
[Black "Ypma, Jord"]
[Result "1-0"]
[WhiteElo "2476"]
[BlackElo "2116"]
[PlyCount "65"]
[EventDate "2021.03.13"]
[EventType "swiss (blitz)"]
[EventRounds "10"]
[EventCountry "NET"]
[SourceTitle "EXT 2022"]
[Source "ChessBase"]
[SourceDate "2021.10.06"]
[SourceVersion "1"]
[SourceVersionDate "2021.10.06"]
[SourceQuality "1"]

1. e4 c5 2. Nf3 d6 3. d4 cxd4 4. Nxd4 Nf6 5. Nc3 a6 6. h3 e5 7. Nde2 h5 8. g3 Be6 9. Bg2 Nbd7 10. a4 Be7 11. Be3 Nb6 12. b3 d5 13. Bxb6 Qxb6 14. Nxd5 Nxd5 15. exd5 Bd7 16. a5 Qc7 17. 0-0 Bd6 18. c4 h4 19. g4 f5 20. gxf5 0-0 21. Nc3 Bxf5 22. Ne4 Rac8 23. Qh5 Be7 24. Rad1 Qxa5 25. d6 Bf6 26. Qxf5 Rcd8 27. d7 Qb6 28. c5 Qxb3 29. Nxf6+ Rxf6 30. Bd5+ Qxd5 31. Qxf6 Qe4 32. Qxd8+ Kh7 33. Qg5 1-0

[Event "Groningen op 57th"]
[Site "Groningen"]
[Date "2019.12.30"]
[Round "9"]
[White "Tabak, Stefan"]
[Black "Ypma, Jord"]
[Result "1/2-1/2"]
[WhiteElo "2166"]
[BlackElo "2070"]
[PlyCount "114"]
[EventDate "2019.12.21"]
[EventType "swiss"]
[EventRounds "9"]
[EventCountry "NED"]
[SourceTitle "CBM 194 Extra"]
[Source "ChessBase"]
[SourceDate "2020.03.31"]
[SourceVersion "1"]
[SourceVersionDate "2020.03.31"]
[SourceQuality "1"]

1. Nf3 Nf6 2. g3 d5 3. Bg2 c6 4. 0-0 Bg4 5. d3 Nbd7 6. Nbd2 e5 7. c3 Bc5 8. b4 Bb6 9. Qc2 0-0 10. a4 h6 11. e4 Re8 12. c4 Rc8 13. Bb2 Qe7 14. c5 Bc7 15. Rfe1 a5 16. Ba3 axb4 17. Bxb4 Ra8 18. a5 Qe6 19. Nb3 d4 20. Nfd2 Nh7 21. f3 Bh5 22. Nc4 Ng5 23. Rf1 Nh3+ 24. Kh1 Bg6 25. Nb6 Bxb6 26. cxb6 Rec8 27. Nc5 Nxc5 28. Bxc5 f6 29. Qd2 Bf7 30. f4 Qg4 31. Bf3 Qe6 32. Bg2 Qg4 33. Bd6 Ra6 34. fxe5 fxe5 35. Bxe5 Qd7 36. Bxh3 Qxh3 37. Qf2 Qe6 38. Kg1 c5 39. Bc7 Rca8 40. Qd2 c4 41. dxc4 Qxe4 42. Rae1 Qg6 43. Qxd4 Rxa5 44. Re7 Rf5 45. Bf4 Be8 46. Rxb7 Bc6 47. Ra7 Rff8 48. h4 Rxa7 49. bxa7 Qc2 50. Qd2 Qxc4 51. Re1 Qc5+ 52. Qe3 Qc2 53. Re2 Qd1+ 54. Re1 Qc2 55. Qd2 Qc5+ 56. Qe3 Qc2 57. Re2 Qd1+ 1/2-1/2

[Event "Groningen op 57th"]
[Site "Groningen"]
[Date "2019.12.21"]
[Round "1"]
[White "Ypma, Jord"]
[Black "Gomes, Mary Ann"]
[Result "1-0"]
[WhiteElo "2070"]
[BlackElo "2324"]
[PlyCount "55"]
[EventDate "2019.12.21"]
[EventType "swiss"]
[EventRounds "9"]
[EventCountry "NED"]
[SourceTitle "CBM 194 Extra"]
[Source "ChessBase"]
[SourceDate "2020.03.31"]
[SourceVersion "1"]
[SourceVersionDate "2020.03.31"]
[SourceQuality "1"]

1. d4 Nf6 2. c4 e6 3. Nc3 Bb4 4. Qc2 0-0 5. a3 Bxc3+ 6. Qxc3 b6 7. Bg5 Bb7 8. e3 d6 9. Ne2 Nbd7 10. Qc2 Qe7 11. Nc3 h6 12. Bh4 c5 13. Rd1 Rfd8 14. d5 exd5 15. cxd5 a6 16. a4 Re8 17. Be2 Rac8 18. 0-0 Nf8 19. Bd3 Rc7 20. Qe2 Ra8 21. f4 Ng6 22. Bxg6 fxg6 23. e4 g5 24. fxg5 Nh7 25. Bg3 Nxg5 26. e5 b5 27. h4 b4 28. exd6 1-0

[Event "Hoogeveen op 23rd"]
[Site "Hoogeveen"]
[Date "2019.10.19"]
[Round "1"]
[White "Ypma, Jord"]
[Black "Grooten, Herman"]
[Result "0-1"]
[WhiteElo "2013"]
[BlackElo "2274"]
[PlyCount "54"]
[EventDate "2019.10.19"]
[EventType "swiss"]
[EventRounds "9"]
[EventCountry "NED"]
[SourceTitle "CBM 192 Extra"]
[Source "Chessbase"]
[SourceDate "2019.11.06"]
[SourceVersion "1"]
[SourceVersionDate "2019.11.06"]
[SourceQuality "1"]

1. d4 Nf6 2. c4 e6 3. Nc3 Bb4 4. Qc2 d6 5. a3 Bxc3+ 6. Qxc3 Qe7 7. Nf3 b6 8. g3 Bb7 9. Bg2 Nbd7 10. 0-0 0-0 11. b3 c5 12. Bb2 cxd4 13. Nxd4 Bxg2 14. Kxg2 Rfc8 15. e4 Nxe4 16. Qe3 Nef6 17. Rad1 d5 18. cxd5 Nxd5 19. Qf3 Qf6 20. Qe2 Qg6 21. Kg1 Nc5 22. Qc4 h5 23. Nb5 Ne4 24. Qd3 Nf4 25. Qf3 Ng5 26. Qb7 Rab8 27. Qe7 Nfh3+ 0-1

[Event "NED-ch U20 op"]
[Site "Borne"]
[Date "2019.08.09"]
[Round "8"]
[White "Merkon, Oseb"]
[Black "Ypma, Jord"]
[Result "0-1"]
[WhiteElo "2013"]
[BlackElo "1984"]
[PlyCount "96"]
[EventDate "2019.08.05"]
[EventType "swiss"]
[EventRounds "9"]
[EventCountry "NED"]
[SourceTitle "CBM 191 Extra"]
[Source "ChessBase"]
[SourceDate "2019.09.30"]
[SourceVersion "1"]
[SourceVersionDate "2019.09.30"]
[SourceQuality "1"]

1. c4 Nf6 2. Nc3 e5 3. g3 d5 4. cxd5 Nxd5 5. Bg2 Nb6 6. Nf3 Nc6 7. a3 Be7 8. 0-0 0-0 9. e3 Bg4 10. h3 Bxf3 11. Bxf3 f5 12. Bxc6 bxc6 13. d4 e4 14. f3 Qd6 15. Kg2 Nd5 16. Nxd5 cxd5 17. Bd2 Qe6 18. Rc1 Bd6 19. f4 Kh8 20. Ba5 Qf7 21. Rc6 Rg8 22. Qc2 Rac8 23. Rc1 Qh5 24. Qd1 Qf7 25. Qc2 Qh5 26. Qd1 Qf7 27. h4 h6 28. Qc2 Qh5 29. Qd1 Qf7 30. Qe2 Rge8 31. a4 Re6 32. b4 Rg6 33. b5 Kh7 34. Ra6 Ra8 35. Rac6 Rc8 36. Be1 Ra8 37. a5 Qe7 38. Kh2 Rg4 39. Ra6 Qe8 40. Rac6 Qe7 41. a6 Rc8 42. Ba5 g5 43. hxg5 hxg5 44. Kg2 gxf4 45. Rh1+ Kg7 46. exf4 Bxf4 47. Rh3 Qa3 48. Bc3 Rh8 0-1

[Event "Leiden SB-ch 1819"]
[Site "Leiden"]
[Date "2019.02.15"]
[Round "5"]
[White "Ypma, Jord"]
[Black "Vogt, Andreas"]
[Result "1/2-1/2"]
[WhiteElo "1697"]
[BlackElo "2144"]
[PlyCount "36"]
[EventDate "2018.10.19"]
[EventType "swiss"]
[EventRounds "9"]
[EventCountry "NED"]
[SourceTitle "EXT 2023"]
[Source "ChessBase"]
[SourceDate "2022.10.05"]
[SourceVersion "1"]
[SourceVersionDate "2022.10.05"]
[SourceQuality "1"]

1. d4 Nf6 2. c4 e6 3. Nc3 Bb4 4. Qc2 Nc6 5. Nf3 d6 6. Bd2 0-0 7. e3 e5 8. d5 Ne7 9. Bd3 c6 10. e4 cxd5 11. Nxd5 Bxd2+ 12. Nxd2 Nc6 13. 0-0 Be6 14. Kh1 Rc8 15. f4 Bxd5 16. exd5 Nb4 17. Qb3 Nxd3 18. Qxd3 Re8 1/2-1/2

[Event "NED-ch U16"]
[Site "Assen"]
[Date "2018.05.01"]
[Round "3"]
[White "Cchung, Chi Yun"]
[Black "Ypma, Jord"]
[Result "1-0"]
[WhiteElo "1783"]
[BlackElo "1737"]
[PlyCount "65"]
[EventDate "2018.04.29"]
[EventType "swiss"]
[EventRounds "7"]
[EventCountry "NED"]
[SourceTitle "CBM 184 Extra"]
[Source "ChessBase"]
[SourceDate "2018.06.28"]
[SourceVersion "1"]
[SourceVersionDate "2018.06.28"]
[SourceQuality "1"]

1. e4 c5 2. Nf3 g6 3. d4 cxd4 4. Nxd4 Nc6 5. c4 Bg7 6. Be3 Nf6 7. Nc3 Ng4 8. Qxg4 Nxd4 9. Qd1 Ne6 10. Rc1 d6 11. Bd3 b6 12. 0-0 Bb7 13. f4 0-0 14. f5 Nc5 15. Bb1 Nd7 16. b3 Ne5 17. Qe1 Rc8 18. Qh4 Qd7 19. Nd5 Bxd5 20. exd5 e6 21. f6 Bh8 22. Bh6 Rfe8 23. Rc3 exd5 24. Rg3 dxc4 25. Bf5 Qc7 26. Rh3 Nd3 27. b4 Re2 28. Bg7 h5 29. Bxh8 Qc6 30. Qg5 Ne1 31. Rg3 h4 32. Bxg6 Kf8 33. Bf5 1-0

[Event "NED-ch U16"]
[Site "Assen"]
[Date "2018.04.30"]
[Round "2"]
[White "Emans, Job"]
[Black "Ypma, Jord"]
[Result "1-0"]
[WhiteElo "1803"]
[BlackElo "1737"]
[PlyCount "101"]
[EventDate "2018.04.29"]
[EventType "swiss"]
[EventRounds "7"]
[EventCountry "NED"]
[SourceTitle "CBM 184 Extra"]
[Source "ChessBase"]
[SourceDate "2018.06.28"]
[SourceVersion "1"]
[SourceVersionDate "2018.06.28"]
[SourceQuality "1"]

1. d4 d5 2. c4 c6 3. Nc3 Nf6 4. Nf3 dxc4 5. a4 Bf5 6. e3 e6 7. Bxc4 Bb4 8. 0-0 0-0 9. Bd3 Nbd7 10. Bxf5 exf5 11. Qc2 g6 12. b3 Re8 13. Bb2 a5 14. Rad1 Nb6 15. Ne2 Nbd5 16. Ne5 Bd6 17. Qc4 Qe7 18. Nf4 Nxf4 19. exf4 Nd5 20. g3 f6 21. Nd3 Qe2 22. Rfe1 Qf3 23. Nc5 Kg7 24. Qd3 Qxd3 25. Nxd3 Kf7 26. Kf1 Re4 27. Nc5 Bxc5 28. dxc5 Rae8 29. Rxe4 fxe4 30. Ke2 g5 31. f5 g4 32. Rd4 e3 33. Rd3 exf2+ 34. Kxf2 Re4 35. Bc1 Re5 36. Bd2 Rxf5+ 37. Kg1 Ke6 38. Bxa5 Ke5 39. b4 Ke4 40. Rd1 Ne3 41. Rc1 Rd5 42. b5 Rd4 43. Ra1 cxb5 44. axb5 Rc4 45. c6 b6 46. Bxb6 Nd5 47. Ba5 Kd4 48. Rb1 Kc5 49. b6 Nxb6 50. Rxb6 Kd5 51. c7 1-0

[Event "NED-ch U16"]
[Site "Assen"]
[Date "2017.04.25"]
[Round "4"]
[White "Hubers, Daan"]
[Black "Ypma, Jord"]
[Result "0-1"]
[WhiteElo "1402"]
[BlackElo "1542"]
[PlyCount "52"]
[EventDate "2017.04.23"]
[EventType "swiss"]
[EventRounds "9"]
[EventCountry "NED"]
[SourceTitle "CBM 178 Extra"]
[Source "ChessBase"]
[SourceDate "2017.06.22"]
[SourceVersion "1"]
[SourceVersionDate "2017.06.22"]
[SourceQuality "1"]

1. e4 c5 2. a3 g6 3. Nf3 Bg7 4. Bc4 Nc6 5. Nc3 d6 6. b3 Nf6 7. d3 a6 8. a4 0-0 9. Bb2 Bg4 10. h3 Bxf3 11. Qxf3 Nd4 12. Qd1 e6 13. b4 cxb4 14. Na2 Nd7 15. Rb1 b5 16. axb5 axb5 17. Bxd4 Bxd4 18. Bb3 Nc5 19. Qd2 Rxa2 20. Bxa2 Bc3 21. Qxc3 bxc3 22. Rxb5 Qa8 23. Bb1 Qa6 24. Rb4 Qa5 25. Rc4 Rb8 26. 0-0 Qa1 0-1